[Event "DEN-chT 2324 61st"]
[Site "Denmark"]
[Date "2024.03.03"]
[Round "7.6"]
[White "Sobjerg, Erik"]
[Black "Prien, Thore"]
[Result "1/2-1/2"]
[WhiteElo "2299"]
[BlackElo "2217"]
[PlyCount "112"]
[EventDate "2023.10.28"]
[EventType "team-tourn"]
[EventRounds "9"]
[EventCountry "DEN"]
[SourceTitle "CB11_2024"]
[SourceDate "2024.03.13"]
[SourceVersion "1"]
[SourceVersionDate "2024.03.13"]
[SourceQuality "1"]
[WhiteTeam "Aarhus/Skolerne"]
[BlackTeam "Fredericia"]
[WhiteTeamCountry "DEN"]
[BlackTeamCountry "DEN"]

1. e4 e6 2. d4 d5 3. Nc3 Bb4 4. exd5 exd5 5. Bd3 Nf6 6. Bg5 0-0 7. Nge2 Nbd7 8. 0-0 c6 9. Ng3 h6 10. Be3 Re8 11. Nf5 Nf8 12. Ne2 Ne4 13. Nfg3 Qh4 14. Qc1 Ng6 15. f3 Nxg3 16. hxg3 Qf6 17. g4 Bd6 18. g3 Bd7 19. c3 Re7 20. Nf4 Nxf4 21. Bxf4 Rae8 22. Bxd6 Qxd6 23. Qf4 Qxf4 24. gxf4 f5 25. g5 Kf7 26. Kf2 h5 27. Rad1 g6 28. Rd2 b6 29. Re2 Rxe2+ 30. Bxe2 c5 31. Rd1 c4 32. Rb1 Rc8 33. Rc1 Ke6 34. Bf1 Kd6 35. Ke3 a5 36. Kd2 b5 37. a3 Rb8 38. Ra1 b4 39. axb4 axb4 40. Kc2 bxc3 41. bxc3 Re8 42. Kd2 Rb8 43. Kc2 Bc6 44. Bh3 Re8 45. Kd2 Kc7 46. Bf1 Kb6 47. Bh3 Re7 48. Bf1 Ra7 49. Rxa7 Kxa7 50. Kc2 Kb6 51. Kb2 h4 52. Bh3 Ka5 53. Bg2 Ba4 54. Ka2 Bd1 55. Kb2 Ka4 56. Ka2 Be2 1/2-1/2

[Event "DEN-chT 2324 61st"]
[Site "Denmark"]
[Date "2024.01.27"]
[Round "5.4"]
[White "Sobjerg, Erik"]
[Black "Hoi, Carsten"]
[Result "1-0"]
[WhiteElo "2299"]
[BlackElo "2323"]
[PlyCount "81"]
[EventDate "2023.10.28"]
[EventType "team-tourn"]
[EventRounds "9"]
[EventCountry "DEN"]
[SourceTitle "CB11_2024"]
[SourceDate "2024.03.13"]
[SourceVersion "1"]
[SourceVersionDate "2024.03.13"]
[SourceQuality "1"]
[WhiteTeam "Aarhus/Skolerne"]
[BlackTeam "Bronshoj"]
[WhiteTeamCountry "DEN"]
[BlackTeamCountry "DEN"]

1. e4 e5 2. Nc3 Nc6 3. f4 Bb4 4. Nf3 d6 5. Bc4 Nf6 6. 0-0 Bg4 7. d3 Qd7 8. fxe5 dxe5 9. Bg5 Na5 10. Bb3 Nxb3 11. axb3 c6 12. Bxf6 gxf6 13. Qd2 h5 14. Nh4 0-0-0 15. Kh1 a6 16. Qf2 Qd4 17. Nf5 Qxf2 18. Rxf2 h4 19. Ne3 Be6 20. Rxf6 h3 21. g3 Bc5 22. Re1 Rdg8 23. Rf3 Kc7 24. Nc4 Rg5 25. Ne3 Bd4 26. Nf5 Bxf5 27. exf5 Bxc3 28. bxc3 f6 29. Re4 a5 30. c4 b5 31. g4 Kb6 32. Kg1 Rg7 33. Kf2 Ra7 34. cxb5 cxb5 35. d4 Rc8 36. dxe5 Rxc2+ 37. Re2 Rxe2+ 38. Kxe2 fxe5 39. f6 e4 40. Rf1 Kc6 41. f7 1-0

[Event "DEN-chT 2324 61st"]
[Site "Denmark"]
[Date "2023.10.28"]
[Round "1.4"]
[White "Sobjerg, Erik"]
[Black "Sylvan, Jacob"]
[Result "0-1"]
[WhiteElo "2299"]
[BlackElo "2296"]
[PlyCount "36"]
[EventDate "2023.10.28"]
[EventType "team-tourn"]
[EventRounds "9"]
[EventCountry "DEN"]
[SourceTitle "Mega2024 Update 01"]
[Source "Chessbase"]
[SourceDate "2023.11.12"]
[SourceVersion "1"]
[SourceVersionDate "2023.11.12"]
[SourceQuality "1"]
[WhiteTeam "Aarhus/Skolerne"]
[BlackTeam "Nordkalotten"]
[WhiteTeamCountry "DEN"]
[BlackTeamCountry "DEN"]

1. e4 c5 2. Nf3 e6 3. Nc3 Nc6 4. d4 cxd4 5. Nxd4 Qc7 6. f4 a6 7. Nxc6 bxc6 8. Bd3 d5 9. 0-0 Nf6 10. Qe2 Be7 11. b3 c5 12. f5 d4 13. Na4 Bd6 14. g3 0-0 15. g4 exf5 16. gxf5 Bb7 17. Qg2 Rfe8 18. Re1 Qc6 0-1

[Event "DEN-chT 2122 59th"]
[Site "Denmark"]
[Date "2022.03.20"]
[Round "9.4"]
[White "Jakobsen, Peter"]
[Black "Sobjerg, Erik"]
[Result "1/2-1/2"]
[WhiteElo "2194"]
[BlackElo "2239"]
[PlyCount "31"]
[EventDate "2021.10.30"]
[EventType "team-tourn"]
[EventRounds "9"]
[EventCountry "DEN"]
[SourceTitle "EXT 2023"]
[Source "ChessBase"]
[SourceDate "2022.10.05"]
[SourceVersion "1"]
[SourceVersionDate "2022.10.05"]
[SourceQuality "1"]
[WhiteTeam "Nordkallotten"]
[BlackTeam "Aarhus/Skolerne"]
[WhiteTeamCountry "DEN"]
[BlackTeamCountry "DEN"]

1. d4 e6 2. c4 f5 3. g3 Nf6 4. Bg2 d5 5. Nf3 Bd6 6. 0-0 0-0 7. Nc3 c6 8. Qc2 Ne4 9. Rb1 Nd7 10. b4 b6 11. b5 Qc7 12. Bb2 Bb7 13. Rbc1 Nxc3 14. Qxc3 cxb5 15. cxb5 Qxc3 16. Rxc3 1/2-1/2

[Event "DEN-chT 2122 59th"]
[Site "Denmark"]
[Date "2021.10.31"]
[Round "2.1"]
[White "Ahlander, Bjorn"]
[Black "Sobjerg, Erik"]
[Result "1-0"]
[WhiteElo "2363"]
[BlackElo "2239"]
[PlyCount "83"]
[EventDate "2021.10.30"]
[EventType "team-tourn"]
[EventRounds "9"]
[EventCountry "DEN"]
[SourceTitle "CBM 204 Extra"]
[Source "ChessBase"]
[SourceDate "2021.11.30"]
[SourceVersion "1"]
[SourceVersionDate "2021.11.30"]
[SourceQuality "1"]
[WhiteTeam "Koge Xtracon"]
[BlackTeam "Aarhus/Skolerne"]
[WhiteTeamCountry "DEN"]
[BlackTeamCountry "DEN"]

1. d4 d5 2. Nf3 Nc6 3. c4 Bg4 4. e3 e6 5. Nc3 Bb4 6. h3 Bxf3 7. Qxf3 Nf6 8. Bd3 e5 9. cxd5 Qxd5 10. Qxd5 Nxd5 11. Bd2 0-0-0 12. a3 Ba5 13. Be4 Nde7 14. b4 Bb6 15. dxe5 Nxe5 16. Ke2 Nc4 17. Be1 Rhe8 18. g4 Ng6 19. h4 Kb8 20. h5 Nge5 21. Rg1 g6 22. Rg3 Nd6 23. Bc2 f5 24. gxf5 Nxf5 25. Bxf5 gxf5 26. Rd1 Rxd1 27. Kxd1 Nd3 28. Nd5 Rd8 29. Ke2 c5 30. Kxd3 Rxd5+ 31. Kc4 Rd1 32. Bc3 cxb4 33. axb4 Rd7 34. Be5+ Kc8 35. Rg8+ Rd8 36. Rg5 Kd7 37. Bf6 Rf8 38. Bg7 Rf7 39. Kd5 Bd8 40. Rg2 a5 41. b5 Bb6 42. Be5 1-0

[Event "DEN-chT 1920 58th"]
[Site "Denmark"]
[Date "2020.01.26"]
[Round "6.5"]
[White "Sobjerg, Erik"]
[Black "Christensen, Jan"]
[Result "1/2-1/2"]
[WhiteElo "2289"]
[BlackElo "2177"]
[PlyCount "35"]
[EventDate "2019.11.23"]
[EventType "team-tourn"]
[EventRounds "9"]
[EventCountry "DEN"]
[SourceTitle "CBM 195 Extra"]
[Source "ChessBase"]
[SourceDate "2020.05.31"]
[SourceVersion "1"]
[SourceVersionDate "2020.05.31"]
[SourceQuality "1"]
[WhiteTeam "Aarhus/Skolerne"]
[BlackTeam "Nordre"]
[WhiteTeamCountry "DEN"]
[BlackTeamCountry "DEN"]

1. e4 e5 2. Nf3 Nc6 3. Bb5 f5 4. d3 fxe4 5. dxe4 Nf6 6. 0-0 Bc5 7. Bxc6 bxc6 8. Nxe5 0-0 9. Nc3 Qe8 10. Nd3 Bd4 11. Re1 d6 12. Be3 Bxc3 13. bxc3 Qxe4 14. Bxa7 Qf5 15. Bd4 c5 16. Bxf6 Qxf6 17. Qd2 Ra3 18. Re2 1/2-1/2

[Event "DEN-chT 1920 58th"]
[Site "Denmark"]
[Date "2019.12.01"]
[Round "3.5"]
[White "Sobjerg, Erik"]
[Black "Liu, Casper Yukun"]
[Result "1-0"]
[WhiteElo "2289"]
[BlackElo "2171"]
[PlyCount "63"]
[EventDate "2019.11.23"]
[EventType "team-tourn"]
[EventRounds "9"]
[EventCountry "DEN"]
[SourceTitle "CBM 193 Extra"]
[Source "ChessBase"]
[SourceDate "2020.01.31"]
[SourceVersion "1"]
[SourceVersionDate "2020.01.31"]
[SourceQuality "1"]
[WhiteTeam "Aarhus/Skolerne"]
[BlackTeam "Ballerup"]
[WhiteTeamCountry "DEN"]
[BlackTeamCountry "DEN"]

1. e4 c5 2. Nf3 d6 3. Bb5+ Bd7 4. c4 Nf6 5. Nc3 Bxb5 6. cxb5 g6 7. d4 cxd4 8. Qxd4 Bg7 9. Bg5 0-0 10. 0-0 Nbd7 11. Qd2 Rc8 12. Rfe1 Nb6 13. Rac1 Nc4 14. Qe2 Qa5 15. b3 Ne5 16. Nxe5 dxe5 17. Bd2 Qa3 18. Rc2 Rfd8 19. Rec1 Qd6 20. Be3 b6 21. f3 Qb4 22. Kf2 e6 23. Nd5 Rxc2 24. Nxb4 Rxe2+ 25. Kxe2 Ne8 26. Nc6 Rd7 27. Rd1 Nd6 28. a4 Bf8 29. Nxe5 Rc7 30. Nc6 a6 31. Bf4 axb5 32. axb5 1-0

[Event "DEN-chT 1819 57th"]
[Site "Denmark"]
[Date "2019.03.17"]
[Round "9.1"]
[White "Sobjerg, Erik"]
[Black "Percivaldi, Martin"]
[Result "1/2-1/2"]
[WhiteElo "2242"]
[BlackElo "2390"]
[PlyCount "109"]
[EventDate "2018.10.27"]
[EventType "team-tourn"]
[EventRounds "9"]
[EventCountry "DEN"]
[SourceTitle "CBM 189 Extra"]
[Source "ChessBase"]
[SourceDate "2019.06.03"]
[SourceVersion "1"]
[SourceVersionDate "2019.06.03"]
[SourceQuality "1"]
[WhiteTeam "Aarhus/Skolerne"]
[BlackTeam "Koge Xtracon"]
[WhiteTeamCountry "DEN"]
[BlackTeamCountry "DEN"]

1. e4 c5 2. Nf3 e6 3. Nc3 a6 4. d4 cxd4 5. Nxd4 Qc7 6. f4 b5 7. Bd3 Bb7 8. Qe2 Bc5 9. Nf3 Nc6 10. Be3 Bxe3 11. Qxe3 d6 12. e5 Nge7 13. 0-0-0 d5 14. Kb1 Na5 15. Nd4 Nc4 16. Qe1 Qb6 17. Bxc4 dxc4 18. Ne4 Bxe4 19. Qxe4 0-0 20. Nf3 Nf5 21. g4 Qe3 22. Rhe1 Rad8 23. Rxd8 Rxd8 24. a3 Qxe4 25. Rxe4 Rd1+ 26. Ka2 Rf1 27. Ng5 h6 28. gxf5 exf5 29. e6 fxe6 30. Rxe6 hxg5 31. fxg5 Kf7 32. Rxa6 f4 33. g6+ Ke7 34. a4 bxa4 35. Rxa4 c3 36. bxc3 Kf6 37. c4 Kxg6 38. c5 Kf6 39. c6 Re1 40. Rxf4+ Ke7 41. Rd4 Re2 42. Kb3 Rxh2 43. Rd7+ Ke8 44. Rxg7 Kd8 45. c4 Rh6 46. c7+ Kc8 47. Kb4 Rb6+ 48. Kc5 Rc6+ 49. Kd5 Rh6 50. c5 Rh5+ 51. Kc6 Rh6+ 52. Kb5 Rf6 53. c6 Rf5+ 54. Kb6 Rb5+ 55. Kxb5 1/2-1/2

[Event "Horsens Lang Weekend op"]
[Site "Horsens"]
[Date "2013.07.21"]
[Round "7"]
[White "Andersen, Finn"]
[Black "Sobjerg, Erik"]
[Result "0-1"]
[WhiteElo "2039"]
[BlackElo "2276"]
[PlyCount "75"]
[EventDate "2013.07.18"]
[EventType "swiss"]
[EventRounds "7"]
[EventCountry "DEN"]
[SourceTitle "CBM 155 Extra"]
[Source "ChessBase"]
[SourceDate "2013.08.26"]
[SourceVersion "1"]
[SourceVersionDate "2013.08.26"]
[SourceQuality "1"]

1. e4 e6 2. d3 d5 3. Nd2 Nf6 4. Ngf3 Bc5 5. Be2 Nc6 6. c3 dxe4 7. dxe4 a5 8. 0-0 e5 9. Qc2 0-0 10. Nc4 Qe7 11. Be3 Bg4 12. Rac1 b5 13. Bxc5 Qxc5 14. Ne3 Bh5 15. Nf5 Rfe8 16. Ng3 Bg4 17. h3 Bd7 18. Nh4 Nd8 19. Nh5 Ra6 20. Qd3 Qe7 21. Rcd1 Rd6 22. Nxf6+ Qxf6 23. Qg3 Nb7 24. Bg4 Bc6 25. Bf3 Red8 26. Qg4 Bd7 27. Qg3 Be6 28. b3 Nc5 29. Rxd6 Rxd6 30. b4 axb4 31. cxb4 Nd3 32. Be2 Nf4 33. Bxb5 Rb6 34. Qa3 g6 35. Qa8+ Kg7 36. Qe8 Qxh4 37. Rd1 Qg5 38. Bf1 0-1

[Event "Horsens Lang Weekend op"]
[Site "Horsens"]
[Date "2013.07.19"]
[Round "4"]
[White "Bjerre, Tavs"]
[Black "Sobjerg, Erik"]
[Result "0-1"]
[WhiteElo "2029"]
[BlackElo "2276"]
[PlyCount "50"]
[EventDate "2013.07.18"]
[EventType "swiss"]
[EventRounds "7"]
[EventCountry "DEN"]
[SourceTitle "CBM 155 Extra"]
[Source "ChessBase"]
[SourceDate "2013.08.26"]
[SourceVersion "1"]
[SourceVersionDate "2013.08.26"]
[SourceQuality "1"]

1. d4 f5 2. Nc3 d5 3. f3 c5 4. e4 e5 5. Nxd5 cxd4 6. Ne2 fxe4 7. fxe4 Be6 8. c3 Nc6 9. cxd4 Bxd5 10. exd5 Qxd5 11. Bd2 0-0-0 12. dxe5 Bc5 13. Nc3 Qxe5+ 14. Qe2 Qf5 15. Ne4 Nd4 16. Rc1 Nxe2 17. Rxc5+ Qxc5 18. Nxc5 Nd4 19. Bf4 Nf6 20. g3 Rhe8+ 21. Kf2 Ng4+ 22. Kg2 Rd5 23. b4 g5 24. Bc4 Rxc5 25. bxc5 gxf4 0-1

[Event "Krakow op-A 23rd"]
[Site "Krakow"]
[Date "2013.01.03"]
[Round "8"]
[White "Lewicki, Miroslaw"]
[Black "Sobjerg, Erik"]
[Result "0-1"]
[WhiteElo "2200"]
[BlackElo "2277"]
[PlyCount "78"]
[EventDate "2012.12.27"]
[EventType "swiss"]
[EventRounds "9"]
[EventCountry "POL"]
[SourceTitle "CBM 152 Extra"]
[Source "ChessBase"]
[SourceDate "2013.02.25"]
[SourceVersion "1"]
[SourceVersionDate "2013.02.25"]
[SourceQuality "1"]

1. e4 e6 2. d4 d5 3. exd5 exd5 4. Bd3 Nc6 5. c3 Bd6 6. Nf3 Nge7 7. 0-0 Bg4 8. Nbd2 Qd7 9. b4 Ng6 10. Re1+ Nce7 11. Qc2 f6 12. h3 Be6 13. Nb3 b6 14. Bd2 Kf7 15. Kf1 Rae8 16. Ke2 Nf5 17. Kd1 Nfh4 18. Nxh4 Nxh4 19. Rg1 Bh2 20. Rh1 Bd6 21. g3 Nf3 22. h4 Bg4 23. Kc1 a5 24. a4 axb4 25. cxb4 Nxd2 26. Qxd2 Qe7 27. b5 Bb4 28. Qf4 Be2 29. Bc2 Bc3 30. Ra2 Bc4 31. Qf5 g6 32. Qg4 Qb4 33. h5 g5 34. Qd1 Re7 35. f4 Rhe8 36. Bg6+ hxg6 37. hxg6+ Ke6 38. fxg5 Kd6 39. g7 Qxb3 0-1

[Event "Krakow op-A 23rd"]
[Site "Krakow"]
[Date "2012.12.31"]
[Round "6"]
[White "Rozycki, Bartlomiej"]
[Black "Sobjerg, Erik"]
[Result "0-1"]
[WhiteElo "1935"]
[BlackElo "2277"]
[PlyCount "44"]
[EventDate "2012.12.27"]
[EventType "swiss"]
[EventRounds "9"]
[EventCountry "POL"]
[SourceTitle "CBM 152 Extra"]
[Source "ChessBase"]
[SourceDate "2013.02.25"]
[SourceVersion "1"]
[SourceVersionDate "2013.02.25"]
[SourceQuality "1"]

1. e4 e6 2. d4 d5 3. exd5 exd5 4. Nf3 Nc6 5. Bb5 Bd6 6. c4 dxc4 7. d5 a6 8. Ba4 b5 9. dxc6 bxa4 10. 0-0 Ne7 11. Qxa4 Be6 12. Nd4 Bxh2+ 13. Kxh2 Qxd4 14. Nc3 0-0 15. Kg1 Nf5 16. Rd1 Qg4 17. Qc2 Rad8 18. Re1 Rd6 19. Qe2 Qg6 20. Qe4 Rd4 21. Qe2 Nh4 22. g3 Bg4 0-1

[Event "DEN-chT 0809"]
[Site "Denmark"]
[Date "2009.03.21"]
[Round "8.4"]
[White "Sobjerg, Erik"]
[Black "Aabling Thomsen, Jakob"]
[Result "1/2-1/2"]
[WhiteElo "2304"]
[BlackElo "2246"]
[PlyCount "27"]
[EventDate "2008.11.01"]
[EventType "team-tourn"]
[EventRounds "9"]
[EventCountry "DEN"]
[SourceTitle "EXT 2023"]
[Source "ChessBase"]
[SourceDate "2022.10.05"]
[SourceVersion "1"]
[SourceVersionDate "2022.10.05"]
[SourceQuality "1"]
[WhiteTeam "Copenhagen 68"]
[BlackTeam "Bronshoj"]
[WhiteTeamCountry "DEN"]
[BlackTeamCountry "DEN"]

1. e4 c5 2. Nf3 e6 3. Nc3 a6 4. d4 cxd4 5. Nxd4 Qc7 6. f4 b5 7. Bd3 Bb7 8. Qe2 b4 9. Nd1 Nc6 10. Nxc6 Qxc6 11. Ne3 Nf6 12. Nc4 a5 13. Ne5 Qc7 14. Bd2 1/2-1/2

[Event "DEN-chT 0809"]
[Site "Denmark"]
[Date "2009.01.10"]
[Round "4.3"]
[White "Pedersen, Erik"]
[Black "Sobjerg, Erik"]
[Result "1/2-1/2"]
[WhiteElo "2417"]
[BlackElo "2304"]
[PlyCount "28"]
[EventDate "2008.11.01"]
[EventType "team-tourn"]
[EventRounds "9"]
[EventCountry "DEN"]
[SourceTitle "EXT 2023"]
[Source "ChessBase"]
[SourceDate "2022.10.05"]
[SourceVersion "1"]
[SourceVersionDate "2022.10.05"]
[SourceQuality "1"]
[WhiteTeam "Aalborg"]
[BlackTeam "Copenhagen 68"]
[WhiteTeamCountry "DEN"]
[BlackTeamCountry "DEN"]

1. d4 Nf6 2. Nf3 c5 3. d5 e6 4. Nc3 b5 5. dxe6 fxe6 6. Nxb5 d5 7. e3 Nc6 8. Be2 a6 9. Nc3 Bd6 10. b3 0-0 11. Bb2 Ra7 12. 0-0 Kh8 13. Na4 e5 14. e4 Nd4 1/2-1/2

[Event "DEN-chT 0809"]
[Site "Denmark"]
[Date "2008.12.07"]
[Round "3.4"]
[White "Christensen, Tobias"]
[Black "Sobjerg, Erik"]
[Result "1/2-1/2"]
[WhiteElo "2347"]
[BlackElo "2304"]
[PlyCount "84"]
[EventDate "2008.11.01"]
[EventType "team-tourn"]
[EventRounds "9"]
[EventCountry "DEN"]
[SourceTitle "EXT 2023"]
[Source "ChessBase"]
[SourceDate "2022.10.05"]
[SourceVersion "1"]
[SourceVersionDate "2022.10.05"]
[SourceQuality "1"]
[WhiteTeam "Aarhus/Skolerne"]
[BlackTeam "Copenhagen 68"]
[WhiteTeamCountry "DEN"]
[BlackTeamCountry "DEN"]

1. e4 e5 2. Nf3 Nc6 3. Nc3 Nf6 4. Be2 d5 5. exd5 Nxd5 6. 0-0 Nxc3 7. dxc3 Qxd1 8. Rxd1 Bd6 9. b4 Bf5 10. Bd3 Bg4 11. a3 0-0-0 12. Be3 Kb8 13. Re1 Bxf3 14. gxf3 f6 15. Be4 Ne7 16. c4 Ng6 17. c5 Be7 18. c6 bxc6 19. Bxc6 Nh4 20. Bc5 Bd6 21. Kf1 Nf5 22. Rab1 Nd4 23. Bxd4 exd4 24. h3 Be5 25. b5 d3 26. cxd3 Rxd3 27. a4 h5 28. a5 Rhd8 29. a6 g5 30. Re2 Rd1+ 31. Rxd1 Rxd1+ 32. Kg2 Kc8 33. Be8 h4 34. Bc6 Rd4 35. Rc2 Kd8 36. Be4 Ke7 37. Bf5 Bd6 38. Re2+ Be5 39. Rc2 Bd6 40. Be4 Ke6 41. Rb2 Rb4 42. Rxb4 Bxb4 1/2-1/2

[Event "DEN-chT 0607"]
[Site "Denmark"]
[Date "2007.03.04"]
[Round "7.3"]
[White "Sobjerg, Erik"]
[Black "Vinter Schou, Uffe"]
[Result "0-1"]
[WhiteElo "2315"]
[BlackElo "2380"]
[PlyCount "98"]
[EventDate "2006.11.04"]
[EventType "team-tourn"]
[EventRounds "9"]
[EventCountry "DEN"]
[SourceTitle "EXT 2023"]
[Source "ChessBase"]
[SourceDate "2022.10.05"]
[SourceVersion "1"]
[SourceVersionDate "2022.10.05"]
[SourceQuality "1"]
[WhiteTeam "Copenhagen 68"]
[BlackTeam "Skolerne"]
[WhiteTeamCountry "DEN"]
[BlackTeamCountry "DEN"]

1. e4 c5 2. Nf3 Nc6 3. Bb5 e6 4. Bxc6 bxc6 5. d3 Ne7 6. Ng5 Ng6 7. f4 Be7 8. 0-0 f6 9. Nh3 0-0 10. c4 d5 11. Be3 Rb8 12. Qc2 d4 13. Bc1 Bd6 14. Nd2 Qc7 15. g3 Nh8 16. Nf3 Nf7 17. Qe2 Bd7 18. Kh1 f5 19. e5 Be7 20. Nhg5 Nd8 21. Nh4 Be8 22. b3 h6 23. Nh3 Bxh4 24. gxh4 Qe7 25. Qf2 Nb7 26. Ba3 Rd8 27. Qg3 Bh5 28. Ng1 Rd7 29. Nf3 Qd8 30. Bc1 Qa5 31. Bb2 Kh7 32. Rf2 Nd8 33. Rg1 Rg8 34. a3 Qb6 35. Nd2 a5 36. Bc1 Nf7 37. Rfg2 Nh8 38. Ne4 fxe4 39. dxe4 Qd8 40. f5 Qf8 41. Rf2 Rf7 42. Rgf1 Qd8 43. Bg5 Qd7 44. Bd2 Rgf8 45. Qd3 Qd8 46. Qg3 d3 47. f6 Qd4 48. Rg2 Ng6 49. Rfg1 gxf6 0-1

[Event "DEN-chT 0607"]
[Site "Denmark"]
[Date "2007.01.13"]
[Round "4.3"]
[White "Fries Nielsen, Niels Jorgen"]
[Black "Sobjerg, Erik"]
[Result "1/2-1/2"]
[WhiteElo "2406"]
[BlackElo "2315"]
[PlyCount "57"]
[EventDate "2006.11.04"]
[EventType "team-tourn"]
[EventRounds "9"]
[EventCountry "DEN"]
[SourceTitle "EXT 2023"]
[Source "ChessBase"]
[SourceDate "2022.10.05"]
[SourceVersion "1"]
[SourceVersionDate "2022.10.05"]
[SourceQuality "1"]
[WhiteTeam "Helsinge"]
[BlackTeam "Copenhagen 68"]
[WhiteTeamCountry "DEN"]
[BlackTeamCountry "DEN"]

1. Nf3 Nc6 2. c4 e5 3. Nc3 Nf6 4. g3 Bc5 5. Bg2 d6 6. 0-0 0-0 7. d3 a6 8. a3 h6 9. b4 Ba7 10. Rb1 Rb8 11. a4 Nd4 12. Nxd4 Bxd4 13. Qc2 Be6 14. Nd1 Ba7 15. Be3 Bxe3 16. Nxe3 Ng4 17. Nxg4 Bxg4 18. Rfd1 f5 19. d4 e4 20. f3 exf3 21. exf3 Bh5 22. Re1 Qf6 23. Qd2 f4 24. Re4 fxg3 25. hxg3 Bg6 26. Rf4 Qe6 27. d5 Qd7 28. Rxf8+ Rxf8 29. Ra1 1/2-1/2

[Event "DEN-chT 0506"]
[Site "Denmark"]
[Date "2006.03.05"]
[Round "7.4"]
[White "Ochsner, Thomas"]
[Black "Sobjerg, Erik"]
[Result "1/2-1/2"]
[WhiteElo "2347"]
[BlackElo "2288"]
[PlyCount "120"]
[EventDate "2005.11.05"]
[EventType "team-tourn"]
[EventRounds "9"]
[EventCountry "DEN"]
[SourceTitle "EXT 2023"]
[Source "ChessBase"]
[SourceDate "2022.10.05"]
[SourceVersion "1"]
[SourceVersionDate "2022.10.05"]
[SourceQuality "1"]
[WhiteTeam "Skolerne"]
[BlackTeam "Copenhagen 68"]
[WhiteTeamCountry "DEN"]
[BlackTeamCountry "DEN"]

1. e4 e5 2. Nf3 Nc6 3. Bb5 a6 4. Ba4 Nf6 5. 0-0 b5 6. Bb3 Bc5 7. c3 d6 8. d4 Bb6 9. h3 h6 10. Re1 0-0 11. Be3 exd4 12. cxd4 d5 13. e5 Ne4 14. Nbd2 Bf5 15. Rc1 Nb4 16. Nf1 Qd7 17. N3h2 Rad8 18. a3 Nc6 19. f3 Ng5 20. Ng3 Bh7 21. Kh1 Ne6 22. Ne2 Nxe5 23. Bc2 Nc4 24. Bxh7+ Kxh7 25. Bf2 f5 26. Rc2 Rde8 27. Nf1 Re7 28. Qc1 f4 29. b3 Nd6 30. Nh2 h5 31. Rd1 Qe8 32. Nc3 Rf5 33. Re2 Nf8 34. Rde1 Rxe2 35. Rxe2 Qf7 36. Qc2 Ng6 37. Qd3 c6 38. a4 Bd8 39. Rc2 Qe8 40. axb5 cxb5 41. g4 hxg4 42. fxg4 Rf8 43. Re2 Qf7 44. Nf3 Kg8 45. Ne5 Nxe5 46. dxe5 Ne4 47. Nxe4 dxe4 48. Rxe4 Be7 49. Qf3 Qd5 50. Kg2 a5 51. h4 Qd2 52. Rd4 Qc2 53. g5 Qf5 54. Re4 Bb4 55. e6 Bd6 56. Be1 a4 57. bxa4 bxa4 58. Bb4 Bxb4 59. Rxb4 Qc2+ 60. Kh3 Qg6 1/2-1/2

[Event "DEN-chT 0405"]
[Site "Denmark"]
[Date "2005.03.06"]
[Round "6.7"]
[White "Sobjerg, Erik"]
[Black "Vinther Juul, Kristian"]
[Result "1-0"]
[WhiteElo "2294"]
[BlackElo "2084"]
[PlyCount "77"]
[EventDate "2004.11.06"]
[EventType "team-tourn"]
[EventRounds "7"]
[EventCountry "DEN"]
[SourceTitle "EXT 2023"]
[Source "ChessBase"]
[SourceDate "2022.10.05"]
[SourceVersion "1"]
[SourceVersionDate "2022.10.05"]
[SourceQuality "1"]
[WhiteTeam "Copenhagen 68"]
[BlackTeam "Helsingor"]
[WhiteTeamCountry "DEN"]
[BlackTeamCountry "DEN"]

1. e4 e6 2. d4 d5 3. Nc3 Nf6 4. Bg5 Be7 5. Bxf6 Bxf6 6. Nf3 c5 7. exd5 exd5 8. Bb5+ Nc6 9. dxc5 Bxc3+ 10. bxc3 0-0 11. 0-0 Bg4 12. h3 Bh5 13. Qd3 Bg6 14. Qd2 Qa5 15. Rfb1 Rab8 16. Qf4 Rbc8 17. Bxc6 bxc6 18. Qb4 Qd8 19. Nd4 Rc7 20. Re1 Re8 21. Qa5 Kf8 22. Rxe8+ Kxe8 23. Re1+ Kd7 24. c4 dxc4 25. Rd1 Ke8 26. Rd2 Rd7 27. Re2+ Kf8 28. Nxc6 Qxa5 29. Nxa5 Rd1+ 30. Kh2 c3 31. Nb3 a5 32. c6 a4 33. c7 Bf5 34. Nc5 Rd2 35. Re5 Bc8 36. Nxa4 Rd7 37. Rc5 Ke7 38. Nb6 Kd6 39. Nxd7 1-0

[Event "DEN-chT 0405"]
[Site "Denmark"]
[Date "2005.02.06"]
[Round "5.7"]
[White "Sobjerg, Erik"]
[Black "Danstrup, Niels"]
[Result "1-0"]
[WhiteElo "2294"]
[BlackElo "2129"]
[PlyCount "79"]
[EventDate "2004.11.06"]
[EventType "team-tourn"]
[EventRounds "7"]
[EventCountry "DEN"]
[SourceTitle "EXT 2023"]
[Source "ChessBase"]
[SourceDate "2022.10.05"]
[SourceVersion "1"]
[SourceVersionDate "2022.10.05"]
[SourceQuality "1"]
[WhiteTeam "Copenhagen 68"]
[BlackTeam "Nordre"]
[WhiteTeamCountry "DEN"]
[BlackTeamCountry "DEN"]

1. e4 d6 2. d4 Nf6 3. Nc3 g6 4. Be3 c6 5. h3 b5 6. e5 Nfd7 7. exd6 exd6 8. d5 c5 9. Bxb5 Bg7 10. Qd2 0-0 11. 0-0-0 Re8 12. Nf3 Qa5 13. Bh6 Ba6 14. Bxg7 Kxg7 15. Bxa6 Nxa6 16. Rhe1 Nf6 17. Ne4 Qxd2+ 18. Nfxd2 Nxe4 19. Nxe4 Rad8 20. c4 Nc7 21. Kd2 f5 22. Nc3 Kf7 23. b3 a6 24. Rxe8 Rxe8 25. Re1 Rb8 26. Ne2 Ke7 27. g4 Kf6 28. Nf4 a5 29. Ne6 Ne8 30. Nf8 Kg7 31. Nd7 Rd8 32. Re7+ Kh6 33. f4 g5 34. gxf5 gxf4 35. f6 Rxd7 36. Rxd7 Nxf6 37. Rxd6 Kg5 38. Rxf6 Kxf6 39. Ke2 Kf5 40. Kf3 1-0

[Event "Krakow op-A"]
[Site "Krakow "]
[Date "2004.01.04"]
[Round "9"]
[White "Dannevig, Oystein"]
[Black "Sobjerg, Erik"]
[Result "1-0"]
[WhiteElo "2357"]
[BlackElo "2259"]
[PlyCount "87"]
[EventDate "2003.12.27"]
[EventType "swiss"]
[EventRounds "9"]
[EventCountry "POL"]
[SourceTitle "EXT 2006"]
[Source "ChessBase"]
[SourceDate "2005.11.24"]
[SourceVersion "1"]
[SourceVersionDate "2005.11.24"]
[SourceQuality "1"]

1. e4 Nf6 2. e5 Nd5 3. d4 d6 4. Nf3 c6 5. c4 Nc7 6. exd6 exd6 7. Bd3 Be7 8. h3 c5 9. d5 Nd7 10. 0-0 0-0 11. Qc2 h6 12. Nc3 b5 13. Nxb5 Nxb5 14. cxb5 Nb6 15. Rd1 Bb7 16. Bc4 Nxc4 17. Qxc4 a6 18. bxa6 Bxa6 19. Qc2 Bf6 20. Rb1 Re8 21. Be3 Bb5 22. b3 Qc8 23. a4 Bd7 24. Rbc1 Bxh3 25. gxh3 Qxh3 26. Qe2 Re4 27. Rc4 Bd4 28. Rdxd4 cxd4 29. Rxd4 Rae8 30. a5 Qg4+ 31. Kf1 f5 32. Rxe4 Qxe4 33. Qd1 f4 34. Bb6 g5 35. Kg1 g4 36. Nd4 Qxd5 37. Qxg4+ Kh8 38. Kh2 Rg8 39. Qh3 h5 40. Nf3 Rg6 41. Bd4+ Kh7 42. a6 Rg8 43. a7 Kh6 44. Qh4 1-0